<?xml version="1.0" encoding="UTF-8"?>
<record
    xmlns:xsi="http://www.w3.org/2001/XMLSchema-instance"
    xsi:schemaLocation="http://www.loc.gov/MARC21/slim http://www.loc.gov/standards/marcxml/schema/MARC21slim.xsd"
    xmlns="http://www.loc.gov/MARC21/slim">

  <leader>01191nam a2200301 a 4500</leader>
  <datafield tag="999" ind1=" " ind2=" ">
    <subfield code="c">357879</subfield>
    <subfield code="d">357879</subfield>
  </datafield>
  <controlfield tag="001">000000347246</controlfield>
  <controlfield tag="003">IT-MiSPE</controlfield>
  <controlfield tag="005">20180512141351.0</controlfield>
  <controlfield tag="008">060228s2005    it            000 0 ita d</controlfield>
  <datafield tag="020" ind1=" " ind2=" ">
    <subfield code="a">8845239632</subfield>
    <subfield code="c">34.00 EUR</subfield>
  </datafield>
  <datafield tag="040" ind1=" " ind2=" ">
    <subfield code="a">IT-MiSPE</subfield>
    <subfield code="b">ita</subfield>
    <subfield code="d">mv</subfield>
    <subfield code="c">IT-MiSPE</subfield>
  </datafield>
  <datafield tag="041" ind1="1" ind2=" ">
    <subfield code="a">ita</subfield>
    <subfield code="a">rus</subfield>
    <subfield code="a">fre</subfield>
  </datafield>
  <datafield tag="082" ind1=" " ind2=" ">
    <subfield code="a">977-&#x160;ES le at (23157)</subfield>
  </datafield>
  <datafield tag="100" ind1="1" ind2=" ">
    <subfield code="a">&#x160;estov, Lev Isaakovic,</subfield>
    <subfield code="d">1868-1938.</subfield>
    <subfield code="9">57174</subfield>
  </datafield>
  <datafield tag="245" ind1="1" ind2="0">
    <subfield code="a">Atene e Gerusalemme :</subfield>
    <subfield code="b">saggio di filosofia religiosa /</subfield>
    <subfield code="c">Lev &#x160;estov ; testo francese e russo , introduzione, traduzione, note e apparati di Alessandro Paris ; revisione del testo russo di Pavel Maximov.</subfield>
  </datafield>
  <datafield tag="260" ind1=" " ind2=" ">
    <subfield code="a">Milano :</subfield>
    <subfield code="b">Bompiani,</subfield>
    <subfield code="c">&#xA9;2005.</subfield>
  </datafield>
  <datafield tag="300" ind1=" " ind2=" ">
    <subfield code="a">cxxxv, 1565 p. ;</subfield>
    <subfield code="c">22 cm</subfield>
  </datafield>
  <datafield tag="490" ind1="1" ind2=" ">
    <subfield code="a">Il pensiero occidentale</subfield>
  </datafield>
  <datafield tag="500" ind1=" " ind2=" ">
    <subfield code="a">Traduzione italiana con testo russo e francese a fronte</subfield>
  </datafield>
  <datafield tag="504" ind1=" " ind2=" ">
    <subfield code="a">Bibliografia: pp. [1241]-1256</subfield>
  </datafield>
  <datafield tag="655" ind1=" " ind2="7">
    <subfield code="a">Filosofia. Teologia naturale</subfield>
    <subfield code="x">Filosofia della religione (italiano)</subfield>
    <subfield code="2">local</subfield>
    <subfield code="9">57175</subfield>
  </datafield>
  <datafield tag="700" ind1="1" ind2=" ">
    <subfield code="a">Paris, Alessandro,</subfield>
    <subfield code="e">ed.</subfield>
    <subfield code="9">57176</subfield>
  </datafield>
  <datafield tag="700" ind1="1" ind2=" ">
    <subfield code="a">Maximov, Pavel,</subfield>
    <subfield code="e">ed.</subfield>
    <subfield code="9">57177</subfield>
  </datafield>
  <datafield tag="830" ind1=" " ind2="3">
    <subfield code="a">Il pensiero occidentale.</subfield>
    <subfield code="9">57173</subfield>
  </datafield>
  <datafield tag="942" ind1=" " ind2=" ">
    <subfield code="2">ddc</subfield>
    <subfield code="c">BK</subfield>
  </datafield>
  <datafield tag="952" ind1=" " ind2=" ">
    <subfield code="0">0</subfield>
    <subfield code="1">0</subfield>
    <subfield code="2">ddc</subfield>
    <subfield code="4">0</subfield>
    <subfield code="6">977&#x160;ES_LE_AT_23157</subfield>
    <subfield code="7">1</subfield>
    <subfield code="a">CINISELLO</subfield>
    <subfield code="b">CINISELLO</subfield>
    <subfield code="d">2018-05-12</subfield>
    <subfield code="l">0</subfield>
    <subfield code="o">977-&#x160;ES le at (23157)</subfield>
    <subfield code="p">9788845239632</subfield>
    <subfield code="r">2018-05-12 00:00:00</subfield>
    <subfield code="w">2018-05-12</subfield>
    <subfield code="y">BK</subfield>
  </datafield>
</record>
